000 00949cam a22003133a 4500
001 15643
003 PGUSA
005 20140828083332.0
008 050417s2005||||xxu|||||s|||||000 | eng d
040 _aPGUSA
_beng
042 _adc
050 4 _aPR
100 1 _aShakespeare, William,
_d1564-1616
245 1 0 _aRomeo ja Julia
_h[electronic resource] /
_cWilliam Shakespeare
260 _bProject Gutenberg,
_c2005
506 _aPublic domain in the USA.
516 _aElectronic text
653 _aJuliet (Fictitious character) -- Drama
653 _aConflict of generations -- Drama
653 _aVerona (Italy) -- Drama
653 _aRomeo (Fictitious character) -- Drama
653 _aYouth -- Drama
653 _aVendetta -- Drama
700 1 _aCajander, Paavo Emil,
_d1846-1913
740 0 _aRomeo and Juliet. Finnish
830 0 _aProject Gutenberg
_v15643
856 4 0 _uhttp://www.gutenberg.org/ebooks/15643
942 _cEB
999 _c244898
_d244898